[Event "Llinars del Valles op-B 12th"]
[Site "Llinars del Valles"]
[Date "2018.05.26"]
[Round "6.47"]
[White "Robert Sancho, Albert"]
[Black "Cabrera Gallego, Alejandro Nicolas"]
[Result "1-0"]
[WhiteElo "1581"]
[BlackElo "1149"]
[PlyCount "91"]
[EventDate "2018.04.14"]
[EventType "swiss"]
[EventRounds "8"]
[EventCountry "ESP"]
[SourceTitle "CBM 184 Extra"]
[Source "ChessBase"]
[SourceDate "2018.06.28"]
[SourceVersion "1"]
[SourceVersionDate "2018.06.28"]
[SourceQuality "1"]

1. e4 e5 2. Nf3 Nc6 3. Bc4 Bc5 4. Nc3 Nf6 5. d3 d6 6. h3 Be6 7. Nd5 a6 8. a3 h6 9. c3 Nxd5 10. exd5 b5 11. Ba2 Bf5 12. dxc6 Qe7 13. 0-0 0-0 14. Be3 Rad8 15. d4 Bb6 16. d5 e4 17. Nd4 Bxd4 18. Qxd4 Rfe8 19. c4 Rb8 20. cxb5 Rxb5 21. b4 a5 22. Bc4 Rbb8 23. b5 Qh4 24. Kh2 g5 25. Qf6 Re5 26. f4 gxf4 27. Qxh4 fxe3 28. Qg3+ Bg6 29. Qxe3 Rh5 30. Be2 Rxd5 31. a4 Rc5 32. Rac1 Rg5 33. Qa7 Rc8 34. Bg4 f5 35. Qb7 Rf8 36. Be2 Rf7 37. Qc8+ Kg7 38. Bc4 Re7 39. Qg8+ Kf6 40. Qh8+ Rg7 41. Rcd1 e3 42. Rfe1 e2 43. Bxe2 d5 44. Bf3 d4 45. Qd8+ Kf7 46. Bd5# 1-0

[Event "Llinars del Valles op-B 12th"]
[Site "Llinars del Valles"]
[Date "2018.05.19"]
[Round "5.48"]
[White "Villa Tornero, Alex"]
[Black "Robert Sancho, Albert"]
[Result "1/2-1/2"]
[WhiteElo "1279"]
[BlackElo "1581"]
[PlyCount "98"]
[EventDate "2018.04.14"]
[EventType "swiss"]
[EventRounds "8"]
[EventCountry "ESP"]
[SourceTitle "CBM 184 Extra"]
[Source "ChessBase"]
[SourceDate "2018.06.28"]
[SourceVersion "1"]
[SourceVersionDate "2018.06.28"]
[SourceQuality "1"]

1. d4 d5 2. Nf3 Nf6 3. e3 a6 4. Bd3 Nc6 5. b3 Bg4 6. Bb2 e6 7. Nbd2 Bd6 8. e4 dxe4 9. Nxe4 Nxe4 10. Bxe4 h6 11. h3 Bh5 12. Qe2 0-0 13. g4 Bg6 14. Bxg6 fxg6 15. Qxe6+ Kh7 16. Qe2 Re8 17. Ne5 Qf6 18. 0-0-0 Nxe5 19. dxe5 Bxe5 20. Bxe5 Rxe5 21. Qc4 c6 22. Qd4 Rae8 23. f4 R5e6 24. Qxf6 gxf6 25. Rhf1 Kg7 26. Kb2 Kf7 27. Kc3 Re3+ 28. Rd3 Re2 29. Rd7+ R8e7 30. Rxe7+ Kxe7 31. Kd3 Rh2 32. Rf3 Kd6 33. Kc3 Re2 34. Rd3+ Ke6 35. a4 b6 36. b4 Re4 37. Rd4 Re3+ 38. Rd3 Re2 39. Rd2 Rxd2 40. Kxd2 Kd5 41. Kd3 b5 42. axb5 axb5 43. h4 f5 44. h5 fxg4 45. hxg6 Ke6 46. f5+ Kf6 47. Ke4 h5 48. Kf4 Kg7 49. Kg3 Kf6 1/2-1/2

[Event "Mataro op 12th"]
[Site "Mataro"]
[Date "2015.11.14"]
[Round "7.10"]
[White "Molina Tabernero, Jordi"]
[Black "Robert Sancho, Albert"]
[Result "1-0"]
[WhiteElo "1710"]
[BlackElo "1782"]
[PlyCount "101"]
[EventDate "2015.10.03"]
[EventType "swiss"]
[EventRounds "9"]
[EventCountry "ESP"]
[SourceTitle "EXT 2024"]
[Source "ChessBase"]
[SourceDate "2023.10.10"]
[SourceVersion "1"]
[SourceVersionDate "2023.10.10"]
[SourceQuality "1"]

1. d4 d5 2. c4 e6 3. a3 Nf6 4. cxd5 Nxd5 5. e4 Nb6 6. Nc3 c6 7. e5 Be7 8. Bd3 N8d7 9. Qc2 Nf8 10. Nf3 Ng6 11. h4 Nd5 12. Nxd5 cxd5 13. h5 Nh4 14. Nxh4 Bxh4 15. Bxh7 Bg5 16. Bg6 Bh6 17. Bd3 Bd7 18. Bxh6 gxh6 19. Qd2 Qb6 20. Be2 Ba4 21. Qb4 Qxb4+ 22. axb4 b5 23. Rh3 Rg8 24. b3 Bxb3 25. Rxb3 Rxg2 26. Bxb5+ Kf8 27. Kf1 Rh2 28. Ke2 Rxh5 29. Bc6 Rc8 30. b5 Rc7 31. Rba3 Rh4 32. Rxa7 Rxa7 33. Rxa7 Rxd4 34. b6 Rb4 35. Ra8+ Kg7 36. b7 h5 37. b8Q Rxb8 38. Rxb8 Kg6 39. Rg8+ Kf5 40. Rh8 Kxe5 41. Rxh5+ Kd6 42. Be8 f6 43. Rh6 Ke5 44. Rh5+ Kd6 45. f4 Ke7 46. Bg6 Kd6 47. Bd3 d4 48. Rh6 Ke7 49. Bc4 Kf7 50. Kd3 Kg7 51. Rh1 1-0

[Event "Mataro op 12th"]
[Site "Mataro"]
[Date "2015.10.17"]
[Round "3.7"]
[White "Gonzalez Moreno, Antoni"]
[Black "Robert Sancho, Albert"]
[Result "1-0"]
[WhiteElo "1937"]
[BlackElo "1782"]
[PlyCount "93"]
[EventDate "2015.10.03"]
[EventType "swiss"]
[EventRounds "9"]
[EventCountry "ESP"]
[SourceTitle "EXT 2024"]
[Source "ChessBase"]
[SourceDate "2023.10.10"]
[SourceVersion "1"]
[SourceVersionDate "2023.10.10"]
[SourceQuality "1"]

1. c4 Nf6 2. Nc3 d5 3. cxd5 Nxd5 4. g3 e6 5. Bg2 c6 6. e3 Nd7 7. Nge2 Be7 8. a3 N7f6 9. b4 0-0 10. 0-0 a6 11. Bb2 h6 12. Rc1 Bd7 13. d4 Nb6 14. Qd3 Nh7 15. Rfd1 Qc8 16. Ne4 f5 17. Nc5 Bxc5 18. dxc5 Nd5 19. Qd4 Nhf6 20. Nf4 Nxf4 21. Qxf4 Be8 22. Rd2 Bg6 23. Qe5 Rf7 24. Rcd1 Nd5 25. Rd4 Qc7 26. Qxe6 Kh7 27. Bxd5 cxd5 28. Rxd5 Re7 29. Qd6 Bf7 30. Qxc7 Rxc7 31. Rxf5 Bb3 32. Rd6 Re8 33. Rf4 Rce7 34. Rfd4 Rf7 35. Rd7 Ree7 36. Rxe7 Rxe7 37. Kf1 Ba4 38. Ke2 Bb5+ 39. Kd2 Rf7 40. f4 Bc6 41. e4 Kg6 42. Ke3 h5 43. Rd6+ Kh7 44. e5 Bg2 45. e6 Re7 46. f5 Kh6 47. Rd7 1-0

[Event "Catalunya-ch Seniors"]
[Site "Andorra"]
[Date "2006.07.20"]
[Round "3"]
[White "Segura Gregori, Francesc"]
[Black "Robert Sancho, Albert"]
[Result "0-1"]
[WhiteElo "1670"]
[BlackElo "1824"]
[PlyCount "80"]
[EventDate "2006.07.18"]
[EventType "swiss"]
[EventRounds "9"]
[EventCountry "ESP"]
[SourceTitle "EXT 2019"]
[Source "ChessBase"]
[SourceDate "2018.10.10"]
[SourceVersion "1"]
[SourceVersionDate "2018.10.10"]
[SourceQuality "1"]

1. d4 d5 2. e3 Nf6 3. Bd3 e6 4. f4 Nc6 5. Nf3 h6 6. Nbd2 Bd7 7. c3 a6 8. 0-0 Bd6 9. Ne5 Ne7 10. a4 0-0 11. Rf3 Be8 12. Rh3 Ng6 13. Qc2 Bxe5 14. fxe5 Nh7 15. Nf3 Ng5 16. Nxg5 Qxg5 17. e4 Qe7 18. exd5 exd5 19. Qf2 Bd7 20. Rg3 Qe8 21. Be3 f5 22. Bf4 Bxa4 23. Re1 Qe6 24. h4 Be8 25. h5 Nxf4 26. Qxf4 Bxh5 27. c4 c6 28. Kf2 b5 29. b3 b4 30. Rh1 Bg4 31. Kg1 a5 32. cxd5 cxd5 33. Kh2 a4 34. Rc1 a3 35. Bb5 Rac8 36. Rc5 Qb6 37. Rxd5 a2 38. Bc4 Rxc4 39. bxc4 a1Q 40. c5 Qg6 0-1

[Event "Malgrat del Mar op"]
[Site "Malgrat del Mar"]
[Date "1997.05.17"]
[Round "9"]
[White "Martos Frigola, David"]
[Black "Robert Sancho, Albert"]
[Result "1-0"]
[WhiteElo "1960"]
[BlackElo "1920"]
[PlyCount "44"]
[EventDate "1997.??.??"]
[EventType "swiss"]
[EventRounds "9"]
[EventCountry "ESP"]
[SourceTitle "EXT 2003"]
[Source "ChessBase"]
[SourceDate "2002.11.25"]
[SourceVersion "1"]
[SourceVersionDate "2002.11.25"]
[SourceQuality "1"]

1. e4 e5 2. Nc3 Bc5 3. Bc4 Nf6 4. d3 d6 5. Bg5 Bxf2+ 6. Kxf2 Ng4+ 7. Qxg4 Bxg4 8. Bxd8 Kxd8 9. Nf3 f6 10. h3 Bd7 11. Rad1 Nc6 12. a3 Rf8 13. Rhf1 Ne7 14. d4 Ng6 15. dxe5 fxe5 16. Kg1 Bc6 17. Ng5 Rxf1+ 18. Rxf1 h6 19. Ne6+ Ke7 20. Nxc7 Rc8 21. Rf7+ Kd8 22. Ne6+ Ke8 1-0

[Event "Malgrat del Mar op"]
[Site "Malgrat del Mar"]
[Date "1997.04.05"]
[Round "3"]
[White "Robert Sancho, Albert"]
[Black "Urresti Vazquez, Rosemberg"]
[Result "1/2-1/2"]
[WhiteElo "1920"]
[BlackElo "2030"]
[PlyCount "40"]
[EventDate "1997.??.??"]
[EventType "swiss"]
[EventRounds "9"]
[EventCountry "ESP"]
[SourceTitle "EXT 2003"]
[Source "ChessBase"]
[SourceDate "2002.11.25"]
[SourceVersion "1"]
[SourceVersionDate "2002.11.25"]
[SourceQuality "1"]

1. c4 Nf6 2. Nc3 e6 3. g3 d5 4. cxd5 exd5 5. d4 c6 6. e3 Nbd7 7. Nf3 Bd6 8. Bg2 0-0 9. 0-0 Ne4 10. Qc2 Ndf6 11. Nd2 Ng5 12. Re1 Nh3+ 13. Kf1 Nh5 14. e4 Qf6 15. Nf3 dxe4 16. Nxe4 Qf5 17. Nh4 Qd7 18. Nxd6 Qxd6 19. Nf5 Bxf5 20. Qxf5 Nxf2 1/2-1/2

[Event "Malgrat del Mar op"]
[Site "Malgrat del Mar"]
[Date "1997.03.15"]
[Round "1"]
[White "Angelats Morato, Rafael"]
[Black "Robert Sancho, Albert"]
[Result "1-0"]
[WhiteElo "2105"]
[BlackElo "1920"]
[PlyCount "67"]
[EventDate "1997.??.??"]
[EventType "swiss"]
[EventRounds "9"]
[EventCountry "ESP"]
[SourceTitle "EXT 2003"]
[Source "ChessBase"]
[SourceDate "2002.11.25"]
[SourceVersion "1"]
[SourceVersionDate "2002.11.25"]
[SourceQuality "1"]

1. d4 d5 2. Nf3 e6 3. Bg5 Nf6 4. e3 Be7 5. Bd3 h6 6. Bh4 Nbd7 7. Nbd2 0-0 8. 0-0 c5 9. c3 c4 10. Bc2 Qc7 11. Bg3 Bd6 12. Bxd6 Qxd6 13. Qe2 b5 14. e4 Qc7 15. e5 Nh7 16. Nh4 Qd8 17. g3 f5 18. f4 Qe8 19. Qg2 Kh8 20. h3 Rg8 21. Bxf5 exf5 22. Nxf5 Nb6 23. Nd6 Qd7 24. Rae1 Nf8 25. f5 Bb7 26. g4 Nc8 27. Nxb7 Qxb7 28. Qg3 Nh7 29. Nf3 Ne7 30. Nh4 Rgf8 31. f6 gxf6 32. exf6 Kg8 33. Rxe7 Qc6 34. Rg7+ 1-0